000
00328nam a22001451a 4500
999
_c
167343
_d
167343
020
_a
9788188895045
082
_a
H2
_b
SHA/K
100
_a
Shanker Shesh
245
_a
Komal gandhar/
_c
by Shanker Shesh.
260
_a
_b
_c
1998.
650
_a
Drama Hindi
650
_a
Literature Hindi
650
_a
Literature
942
_c
BK